书目信息 |
| 题名: |
北大经济课
|
|
| 作者: | 赵铮 著 | |
| 分册: | ||
| 出版信息: | 北京 中国法制出版社 2016 |
|
| 页数: | 226页 | |
| 开本: | 24cm | |
| 丛书名: | ||
| 单 册: | ||
| 中图分类: | F0-49 , F0 | |
| 科图分类: | ||
| 主题词: | 经济学--Jing Ji Xue--通俗读物 | |
| 电子资源: | ||
| ISBN: | 978-7-5093-6357-7 | |
| 000 | 01228nam0 2200265 450 | |
| 001 | 1657843359 | |
| 005 | 20151229094015.7 | |
| 010 | @a978-7-5093-6357-7@dCNY32.80 | |
| 100 | @a20151229d2016 em y0chiy0120 ea | |
| 101 | 0 | @achi |
| 102 | @aCN@b110000 | |
| 105 | @ay z 000yy | |
| 106 | @ar | |
| 200 | 1 | @a北大经济课@ABei Da Jing Ji Ke@d= Economy classes of Peking university@f赵铮著@zeng |
| 210 | @a北京@c中国法制出版社@d2016 | |
| 215 | @a226页@d24cm | |
| 330 | @a有人曾说过:“骑士时代已经过去,随之而来的是智者、经济学家和计算机专家的时代”,本书的目的,就是在于用最质朴的语言将最深刻的经济学知识带给大家,让每一个人在工作、生活之余都有机会感受这一学科的魅力,领略最高学府的风采。世界上有无数扇门,有的开着,有的紧闭,希望本书能够在经济学的层面上为每一位读者打开一扇门,更好地认识我们所生活的世界。同时,愿本书带给大家的不光是一种全新的知识,更能教会大家一种新的思维方式、一种新的生活方式,以便大家在辛勤工作、生活的同时,依然不忘感受这个世界的美好。 | |
| 333 | @a大众读者。 | |
| 510 | 1 | @aEconomy classes of Peking university@zeng |
| 606 | 0 | @a经济学@AJing Ji Xue@j通俗读物 |
| 690 | @aF0-49@v5 | |
| 690 | @aF0@v4 | |
| 701 | 0 | @a赵铮@AZhao Zheng@4著 |
| 801 | 0 | @aCN@b江苏新华@c20150511 |
| 905 | @aBZT@dF0@e182 | |
| 北大经济课= Economy classes of Peking university/赵铮著.-北京:中国法制出版社,2016 |
| 226页;24cm |
| 使用对象:大众读者。 |
| ISBN 978-7-5093-6357-7:CNY32.80 |
| 有人曾说过:“骑士时代已经过去,随之而来的是智者、经济学家和计算机专家的时代”,本书的目的,就是在于用最质朴的语言将最深刻的经济学知识带给大家,让每一个人在工作、生活之余都有机会感受这一学科的魅力,领略最高学府的风采。世界上有无数扇门,有的开着,有的紧闭,希望本书能够在经济学的层面上为每一位读者打开一扇门,更好地认识我们所生活的世界。同时,愿本书带给大家的不光是一种全新的知识,更能教会大家一种新的思维方式、一种新的生活方式,以便大家在辛勤工作、生活的同时,依然不忘感受这个世界的美好。 |
| ● |
| 相关链接 |
|
|
|
正题名:北大经济课
索取号:F0/182
 
预约/预借
| 序号 | 登录号 | 条形码 | 馆藏地/架位号 | 状态 | 备注 |
| 1 | 796705 | 2000796705 | 第二书库/ [索取号:F0/182] | 在馆 | |
| 2 | 796706 | 2000796706 | 第二书库/ [索取号:F0/182] | 在馆 | |
| 3 | 796707 | 2000796707 | 第二书库/ [索取号:F0/182] | 在馆 |